[Event "Hoogeveen Matches 2018"]
[Site "Hoogeveen"]
[Date "2018.10.26"]
[Round "5"]
[White "Fedoseev, Vladimir"]
[Black "Van Foreest, Jorden"]
[Result "1/2-1/2"]
[WhiteElo "2713"]
[BlackElo "2617"]
[Annotator "TA"]
[PlyCount "124"]
[EventDate "2018.10.21"]
[EventType "swiss"]
[EventCountry "NED"]
[SourceTitle "playchess.com"]
[Source "ChessBase"]
[SourceQuality "1"]

{[%evp 18,124,14,12,12,29,31,15,20,12,14,14,14,13,18,0,0,0,0,0,0,0,0,0,0,0,0,0,0,0,0,0,0,0,0,0,0,0,0,0,0,0,0,0,0,0,0,0,0,0,0,0,0,0,0,0,0,0,0,0,0,0,0,0,0,0,0,0,0,-72,0,0,0,0,0,-12,-12,-72,-73,-83,-70,-73,0,-87,0,0,0,0,0,0,0,0,0,0,0,0,0,0,0,0,0,0,0,0,0,0,0,0,0]} 1. e4 c5 2. Nf3 d6 3. d4 cxd4 4. Nxd4 Nf6 5. Nc3 a6 6. h3 g6 7. g3 Bg7 8. Bg2 O-O 9. O-O Nc6 10. Be3 {LiveBook: 43 Games. B91: Sicilian Najdorf: 6 g3} Nxd4 (10... Nd7 11. b3 Nxd4 12. Bxd4 Bxd4 13. Qxd4 b6 14. Nd5 Bb7 {½-½ (40) Carlsen,M (2832)-Nakamura,H (2785) Stavanger 2017 CBM 179 [Ramirez Alvarez,Alejandro]}) 11. Bxd4 b5 $146 ({Predecessor:} 11... Be6 12. Re1 Rc8 13. Nd5 Bxd5 14. exd5 Re8 15. Re2 Nd7 16. Bxg7 Kxg7 17. Qd4+ Nf6 {1-0 (28) Mista,A (2609)-Areshchenko,A (2701) Warsaw 2014}) 12. Nd5 {White is slightly better.} Bb7 13. Bxf6 (13. Qd2 {feels hotter.} Nd7 14. Bxg7 Kxg7 15. a4 Bxd5 16. exd5 Qb6 17. Rfe1) 13... Bxf6 14. Nxf6+ exf6 15. c3 Re8 16. Re1 Re6 17. Re3 Qc7 18. Qd2 Rae8 {[%cal Rb7e4]} 19. Rae1 Bc6 20. h4 Qb7 21. Bh3 (21. Qd4 {is more complex.} f5 22. exf5 Rxe3 23. Rxe3 Rxe3 24. Qxe3 Bxg2 25. f6) 21... Rxe4 22. Rxe4 Rxe4 23. Rxe4 Bxe4 24. Qxd6 Kg7 25. Qd7 Qb6 $1 26. a3 h5 27. Bf1 Qc5 28. Be2 Bc6 29. Qd3 Bb7 30. Kf1 Qc6 {[%cal Rc6h1] [#]} 31. f3 Qe6 {...Qh3+ is the strong threat.} 32. Kf2 Qh3 {Strongly threatening ...Qh2+.} 33. Bf1 Qe6 34. Qe3 Qa2 35. Qd2 Qb3 36. Be2 Qe6 37. Qf4 Qa2 38. Qb4 Bd5 39. Qd6 Be6 40. Qxa6 Qxb2 {Hoping for ...Bc4.} 41. Qxb5 Qxa3 42. Qb4 Qa1 43. Qd4 (43. Bf1 $11 {remains equal.}) 43... Qb2 (43... Qh1 $17 {Threatens to win with ...Qh2+.} 44. Qd6 Qh2+ 45. Kf1 Bh3+ 46. Ke1 Qg1+ 47. Kd2 Qh2) 44. Qb4 Qd2 45. Qc5 Qc1 46. Qe3 Qh1 {And now ...Qh2+ would win.} 47. Qf4 (47. f4 $1 $11) 47... Qh2+ $17 48. Ke1 Qg1+ 49. Kd2 Qa1 (49... Qf2 $17 50. Qc7 Bd5) 50. Qb4 {[#]} (50. g4 $11) 50... Qg1 (50... Qh1 $1 $17 51. Qb8 Qh2) 51. g4 $11 {The position is equal.} hxg4 52. fxg4 Qg3 53. h5 $1 Qe5 54. Qd4 Qxd4+ 55. cxd4 {[%mdl 4096] Endgame KB-KB} f5 56. gxf5 Bxf5 57. hxg6 fxg6 58. Bd3 Kf6 59. Bxf5 gxf5 60. Ke3 Ke6 61. Kf4 Kd5 62. Kxf5 Kxd4 {Precision: White = 69%, Black = 82%.} 1/2-1/2

[Event "Hoogeveen Matches 2018"]
[Site "Hoogeveen"]
[Date "2018.10.27"]
[Round "6"]
[White "Svidler, Peter"]
[Black "Shankland, Samuel"]
[Result "1/2-1/2"]
[WhiteElo "2756"]
[BlackElo "2722"]
[Annotator "TA"]
[PlyCount "92"]
[EventDate "2018.10.21"]
[EventType "swiss"]
[EventCountry "NED"]
[SourceTitle "playchess.com"]
[Source "ChessBase"]
[SourceQuality "1"]

{[%evp 20,92,15,3,24,22,23,35,31,20,15,18,20,6,8,6,8,11,11,11,10,11,11,11,11,10,11,5,8,8,8,8,8,8,8,8,5,6,6,5,16,4,0,0,17,0,0,9,25,25,37,37,37,37,37,37,39,39,39,37,37,37,37,37,66,37,66,37,43,37,37,37,37,0,38]} 1. c4 {CB} g6 2. d4 Nf6 3. g3 c6 4. Bg2 d5 5. Qa4 dxc4 6. Qxc4 Bg7 7. Nf3 O-O 8. O-O Bf5 9. Nc3 Nbd7 10. Qb3 {D78: Fianchetto Grünfeld: 6 0-0 c6} Qb6 11. Re1 {LiveBook: 3 Games} a5 $146 ({Predecessor:} 11... Qxb3 12. axb3 Be6 13. b4 Nd5 14. b5 Nb4 15. bxc6 bxc6 16. Ra5 c5 17. Ng5 cxd4 18. Nxe6 fxe6 19. Bxa8 dxc3 20. bxc3 Bxc3 {½-½ (41) Giri,A (2797)-Vachier Lagrave,M (2775) Tbilisi 2015 CBM 165 [CB]}) 12. e4 {White has an edge.} Qxb3 $1 13. axb3 Be6 14. Bf4 h6 15. h3 g5 16. Bc7 Rfc8 17. Bxa5 b6 18. Bb4 Rxa1 $1 19. Rxa1 c5 20. dxc5 bxc5 21. Ba3 Rb8 22. Nd2 Bxb3 23. Nxb3 Rxb3 24. Rd1 e6 25. Bf1 Rb8 26. Bb5 Ne5 27. Bxc5 {[#] Black must now prevent Bd6.} Bf8 28. Ba7 Rb7 29. Bd4 Nf3+ 30. Kg2 Nxd4 31. Rxd4 Bc5 32. Rd8+ Kg7 33. e5 Nd5 (33... Nh7 {looks sharper.}) 34. Nxd5 {Nf6 is the strong threat.} exd5 35. Rxd5 Rxb5 {[#]} 36. b4 $1 {[%cal Rb4c5][%mdl 512]} Rxb4 {Hoping for ...Bb6.} 37. Rxc5 $14 {[%mdl 4096] Endgame KR-KR} Re4 38. Kf3 Ra4 39. Ke3 Rb4 40. Ra5 Kg6 41. Ra6+ Kg7 42. Rf6 Ra4 43. Kf3 Rb4 44. Kg2 h5 45. Rf5 Kg6 46. Rf6+ Kg7 {Precision: White = 68%, Black = 86%.} 1/2-1/2

[Event "Hoogeveen Matches 2018"]
[Site "Hoogeveen"]
[Date "2018.10.27"]
[Round "6"]
[White "Van Foreest, Jorden"]
[Black "Fedoseev, Vladimir"]
[Result "1/2-1/2"]
[WhiteElo "2617"]
[BlackElo "2713"]
[Annotator "TA"]
[PlyCount "132"]
[EventDate "2018.10.21"]
[EventType "swiss"]
[EventCountry "NED"]
[SourceTitle "playchess.com"]
[Source "ChessBase"]
[SourceQuality "1"]

{[%evp 18,132,4,-1,4,0,4,4,10,6,5,20,11,4,14,0,0,-1,0,0,0,0,7,2,24,1,5,10,9,0,0,0,0,0,0,0,20,-8,-3,-29,-26,-17,-17,-25,-25,-25,-25,-25,-25,-25,-22,-49,-49,-54,-49,-49,-52,-49,-20,-36,-8,-15,-12,-13,-12,-16,-20,-22,-17,-18,-20,-35,-20,-24,-12,-12,-12,-12,-32,-32,-12,-14,-12,-20,-26,-36,-3,-24,0,0,0,0,0,0,0,0,0,0,0,0,0,0,0,0,0,0,0,0,0,0,0,0,0,0,0,0,0]} 1. e4 c5 2. Nf3 d6 3. d4 cxd4 4. Nxd4 Nf6 5. Nc3 a6 6. Be2 e5 7. Nf3 Be7 8. Bg5 Be6 {B92: Sicilian Najdorf: 6 Be2} (8... Nbd7 9. a4 h6 10. Be3 Ng4 11. Bc1 Ngf6 12. O-O Nc5 13. Nd2 Be6 14. b3 O-O 15. Bb2 Qc7 16. Bf3 Rfd8 {0-1 (72) Grischuk,A (2766)-Vachier Lagrave,M (2779) Saint Louis 2018}) 9. Bxf6 Bxf6 10. Qd2 {LiveBook: 5 Games} O-O 11. O-O Qc7 12. Rfd1 $146 ({Predecessor:} 12. Nd5 Bxd5 13. Qxd5 Nd7 14. c3 Be7 15. Nd2 Nf6 16. Qd3 {½-½ (78) Zhao,J (2616)-Gao,R (2543) China 2017}) 12... Be7 13. Nd5 Bxd5 $1 14. Qxd5 Nd7 15. Nd2 {[%cal Bf3d2,Bd2f1,Bf1e3,Be3d5][%mdl 32]} b5 16. c4 b4 (16... Nf6 $5 17. Qd3 $8 Rfc8 $11) 17. g3 a5 18. Nf1 g6 19. h4 Kh8 20. Ne3 Nc5 21. Bg4 a4 22. Bf3 b3 23. Qd2 a3 24. Nd5 Qb7 25. bxa3 Rxa3 {[#] White must now prevent ...b2.} 26. Rab1 Rfa8 27. axb3 Rxb3 28. Rxb3 Qxb3 29. Kg2 Ra3 30. Qe3 Qxe3 31. Nxe3 Kg7 32. Nd5 Bd8 33. Ne3 Bc7 34. Rd2 h5 35. Kf1 Kf8 36. Kg2 Bb8 37. Nd5 Ke8 38. Re2 Ra4 39. Rb2 Ba7 40. Nc3 Ra1 {[#] And now ...Nd3 would win.} 41. Rd2 Ke7 42. Rd1 Ra3 43. Nb5 Ra6 44. Rd2 Ne6 45. Nc3 Bd4 (45... Kd7 {is more complex.} 46. g4 Bd4 47. Nd5 hxg4 48. Bxg4 Ra3) 46. Ra2 Rxa2 47. Nxa2 $11 {[%mdl 4096] Endgame KBN-KBN} Nc5 48. Nb4 Kd8 49. Kf1 Nb3 50. Ke2 Bc5 51. Nd3 Kc7 52. Bg2 Na5 53. Nxc5 {The position is equal.} dxc5 {KB-KN} 54. Kd3 Nc6 55. Bh3 Nd4 56. Ke3 Kd6 57. Bc8 Ke7 58. Bb7 f6 59. Bc8 g5 60. Bf5 Kf7 61. Bd7 Kg7 62. Be8 Kh6 63. Bd7 Kg6 64. Be8+ Kh6 65. Bd7 Kg6 66. Be8+ Kh6 {Precision: White = 76%, Black = 63%.} 1/2-1/2

[Event "Hoogeveen Matches 2018"]
[Site "Hoogeveen"]
[Date "2018.10.27"]
[Round "7"]
[White "Fedoseev, Vladimir"]
[Black "Van Foreest, Jorden"]
[Result "0-1"]
[WhiteElo "2713"]
[BlackElo "2617"]
[Annotator "TA"]
[PlyCount "60"]
[EventDate "2018.10.21"]
[EventType "swiss"]
[EventCountry "NED"]
[SourceTitle "playchess.com"]
[Source "ChessBase"]
[SourceQuality "1"]

{[%evp 12,60,13,20,17,16,29,31,35,30,21,19,31,22,54,49,75,75,70,62,62,64,79,52,104,94,136,133,106,90,99,46,108,112,199,208,237,68,79,50,86,71,191,72,139,46,60,39,42,8,7]} 1. b3 e5 2. Bb2 Nc6 3. e3 g6 4. c4 Bg7 5. Nf3 Nge7 (5... d6 6. d4 exd4 7. Nxd4 Nxd4 8. Bxd4 Nf6 9. Be2 O-O 10. O-O Re8 11. Bf3 c6 {1-0 (55) Fedoseev,V (2707)-Vitiugov,N (2730) Satka 2018}) 6. d4 {A01: Nimzowitsch-Larsen Opening} exd4 7. Nxd4 {LiveBook: 3 Games} O-O 8. Be2 Nxd4 9. Bxd4 d5 $146 ({Predecessor:} 9... Bxd4 10. Qxd4 Nf5 11. Qb2 d5 12. cxd5 Nh4 {1-0 (30) Vittorino,C (2315)-Guerrero,J (2225) Medellin 2011}) 10. Bxg7 Kxg7 11. Qd4+ Kg8 12. Nc3 {[%cal Rc3d5]} Be6 13. Rd1 {[%cal Rc4d5]} dxc4 14. Qc5 $36 {[%mdl 2048] White is on the roll.} Qe8 15. Ne4 {Black must now prevent Nf6+.} f6 $1 16. Bxc4 Nc6 17. O-O Qf7 ({Black should try} 17... b6 $14 18. Qb5 a6) 18. Bb5 $16 Ne5 19. f4 Ng4 20. h3 Nh6 21. Qc3 (21. g4 $16) 21... a6 {[#]} (21... c6 $14 22. Nd6 Qe7) 22. Be2 $1 Rae8 (22... Qe7 $16 {might work better.}) 23. Nc5 $18 Kh8 24. e4 $2 (24. Nxb7 $18 {Strongly threatening e4.} Bd5 25. Bxa6) 24... Bc8 $1 $14 25. Bf3 Qe7 26. Rfe1 Nf7 {[#]} (26... Qg7 $16 {was called for.}) 27. Nd3 (27. Bg4 $1 $18 {is more deadly.}) 27... Rd8 ({Better is} 27... c6) 28. Rc1 (28. e5 $16 fxe5 29. Nxe5 (29. fxe5 Ng5 $11) 29... Nxe5 30. Rxd8 (30. Qxe5+ Qxe5 31. fxe5 Kg7 $11) (30. fxe5 Rxd1 31. Rxd1 c6 $11) 30... Rxd8 31. Rxe5 (31. Qxe5+ Qxe5 32. Rxe5 b6 $16) (31. fxe5 Kg8 $14)) 28... c6 29. e5 fxe5 30. fxe5 {And now e6+ would win.} Ng5 {[%mdl 32768] Precision: White = 41%, Black = 36%. . Loss on Time!?} 0-1

[Event "Hoogeveen Matches 2018"]
[Site "Hoogeveen"]
[Date "2018.10.27"]
[Round "8"]
[White "Van Foreest, Jorden"]
[Black "Fedoseev, Vladimir"]
[Result "0-1"]
[WhiteElo "2617"]
[BlackElo "2713"]
[Annotator "TA"]
[PlyCount "110"]
[EventDate "2018.10.21"]
[EventType "swiss"]
[EventCountry "NED"]
[SourceTitle "playchess.com"]
[Source "ChessBase"]
[SourceQuality "1"]

{[%evp 18,110,53,54,62,52,99,91,102,32,19,13,36,23,75,74,77,76,82,66,75,75,75,-6,224,202,210,193,191,172,119,53,80,80,143,143,145,140,144,135,119,120,144,144,144,144,141,119,163,125,152,106,118,105,107,118,165,172,175,160,168,131,215,202,193,197,244,156,175,181,162,31,626,586,476,187,183,168,149,-24,-24,-26,-27,-375,-358,-713,-702,-689,-628,-647,-655,-29983,-29984,-29984,-29985]} 1. e4 d6 2. d4 g6 3. Nf3 Bg7 4. Bc4 e6 5. Bb3 Nd7 6. O-O {B06: Modern Defence} h6 7. Re1 Ne7 8. c3 a6 9. Nbd2 b6 10. Nf1 {LiveBook: 3 Games} Bb7 11. Ng3 Kf8 $146 ({Predecessor:} 11... Nf6 12. h3 Qc8 13. Bc2 Bc6 {½-½ (61) Fressinet,L (2712)-Shoker,S (2484) Montpellier 2015}) 12. Bf4 Kg8 13. e5 ({White should play} 13. Qe2 $16) 13... dxe5 $14 14. Nxe5 Nxe5 15. Bxe5 Nd5 (15... Bxe5 $11 16. Rxe5 h5) 16. Qf3 $16 {Bxg7 is the strong threat.} Rb8 17. Rad1 Nf6 18. Qf4 Rc8 19. c4 Nd7 20. Ba4 (20. Bxg7 $1 $16 Kxg7 21. d5) 20... c6 $2 (20... Nxe5 $11 {and Black stays safe.} 21. dxe5 Qg5) 21. Bxg7 Kxg7 22. Ne4 $1 {[%cal Re4d6] Strongly threatening Nd6.} Rb8 23. Nd6 {[%csl Gd6][%cal Rf4f7]} Qf6 24. Qxf6+ (24. Qg3 $16) 24... Nxf6 25. Nxb7 b5 (25... Rxb7 $142 26. Bxc6 Rc7) 26. Nc5 $1 {Threatens to win with cxb5.} bxa4 27. Nxa4 Rhd8 28. b3 a5 29. f3 h5 30. Re5 Ra8 31. Kf2 Nd7 32. Ree1 Nb8 33. Nc5 Ra7 34. Rxe6 fxe6 35. Nxe6+ Kf6 36. Nxd8 {aiming for d5.} Rd7 37. Nxc6 $1 Nxc6 $18 {[%mdl 4096] Endgame KRN-KR} 38. d5 Nb4 39. Rd2 Ke5 (39... Re7 $16 40. f4 Na6) 40. Ke3 $1 Re7 41. a3 Kd6+ 42. Kf4 Na6 {[#]} 43. Kg5 $1 Re3 {[#]} 44. b4 ({Don't do} 44. Kxg6 $6 Rxb3 45. Kxh5 Rxa3 $14) (44. h4 $1 $18) 44... a4 $2 {[%mdl 8192]} (44... axb4 $14 45. axb4 Nxb4) 45. c5+ Kd7 46. Ra2 $2 (46. c6+ Kd6 47. b5 (47. Kxg6 Nc7 $16)) 46... Nc7 47. d6 Nb5 48. Rc2 $2 (48. Rd2 $16) 48... Rxa3 $11 {And now ...Rb3 would win.} 49. Kxg6 Rb3 {White must now prevent ...a3.} 50. c6+ $2 {[%mdl 8192]} (50. Rd2 $11 {and White has nothing to worry.}) 50... Kxd6 $19 51. Rc5 $2 (51. f4 a3 52. f5) 51... Rxb4 52. c7 Nxc7 53. Ra5 Kc6 54. Kxh5 Rb5+ 55. Rxb5 Nxb5 {Precision: White = 47%, Black = 49%.} 0-1

[Event "Hoogeveen Matches 2018"]
[Site "Hoogeveen"]
[Date "2018.10.27"]
[Round "9"]
[White "Fedoseev, Vladimir"]
[Black "Van Foreest, Jorden"]
[Result "1-0"]
[WhiteElo "2713"]
[BlackElo "2617"]
[Annotator "TA"]
[PlyCount "75"]
[EventDate "2018.10.21"]
[EventType "swiss"]
[EventCountry "NED"]
[SourceTitle "playchess.com"]
[Source "ChessBase"]
[SourceQuality "1"]

{[%evp 14,75,-24,-41,-24,-53,-37,-41,-24,-41,-24,-19,-15,-15,-11,-11,-12,-23,0,0,16,23,37,22,16,0,15,-83,66,72,83,62,60,0,0,0,0,-27,43,0,0,0,0,0,0,0,961,959,942,942,942,942,1054,971,920,828,1625,1611,1520,1496,29965,29956,29994,1063]} 1. b3 e5 2. Bb2 Nc6 3. e3 Nf6 4. c4 d5 5. cxd5 Nxd5 6. a3 Bd6 7. Nc3 {A01: Nimzowitsch-Larsen Opening} (7. d3 O-O 8. Nf3 Qe7 9. b4 a5 10. b5 Na7 11. d4 e4 12. Ne5 Be6 13. Nd2 f6 14. Nec4 f5 15. Nxd6 cxd6 {0-1 (23) Sviridov,V (2513)-Motylev,A (2659) Yaroslavl 2018}) 7... Nxc3 8. Bxc3 {LiveBook: 4 Games} a5 $146 ({Predecessor:} 8... O-O 9. Qc2 Qe7 10. Bc4 Bxa3 11. Nf3 Bd6 12. h4 h6 13. Qe4 Kh8 14. g4 f5 15. gxf5 Bxf5 {1-0 (56) Ternault,M (2361)-Kosteniuk,A (2552) Paris 2017}) 9. Nf3 {Black has an edge.} Qe7 10. Qc2 O-O 11. Bd3 f5 12. Bc4+ Be6 13. Bxe6+ Qxe6 14. d3 Rae8 15. O-O Rf6 16. d4 e4 {[#]} 17. d5 $1 {[%cal Rd5e6][%mdl 512]} Qxd5 18. Bxf6 exf3 19. Rfd1 Qf7 20. Bh4 {[#]} (20. Bb2 $1 $11) 20... fxg2 ({Black should try} 20... g5 $1 $17 {[%cal Rg5h4]} 21. Bxg5 Qg6 22. Qc4+ Kg7) 21. Bg3 $14 Ne5 22. Kxg2 Qh5 23. Rac1 (23. Qd2 $14) 23... Qf3+ $11 24. Kg1 Qg4 25. f4 Ng6 ({Black should play} 25... Nf7 $11) 26. Kf2 h5 {White should prevent ...h4.} ({Reject} 26... Bxa3 $6 27. Qc4+ Kf8 {[#]} 28. Rd7 $1 $16 {[%mdl 512]}) 27. h3 $36 {[%mdl 2048] White is more active.} Qxh3 {aiming for ...h4.} 28. Rh1 Qg4 {White must now prevent ...Rxe3!} 29. Rcg1 h4 $2 {[%mdl 8192]} (29... Be7 $11) 30. Bxh4 $18 Qxh4+ 31. Rxh4 Nxh4 32. Qc3 {[%csl Gg1][%cal Rc3g7]} g6 33. Qf6 Be7 34. Qe5 c6 35. Rd1 Kf7 36. Rd7 g5 37. fxg5 Ng6 38. Qf6+ {Precision: White = 64%, Black = 32%.} 1-0